Inverse Methods in Action : proceedings of the Multicentennials Meeting on Inverse Problems, Montpellier, November 27th-December 1st, 1989
Αποθηκεύτηκε σε:
| Άλλοι συγγραφείς: | |
|---|---|
| Μορφή: | Βιβλίο |
| Γλώσσα: | English |
| Δημοσίευση: |
Berlin ; New York :
Springer-Verlag,
c1990.
|
| Σειρά: | Inverse problems and theoretical imaging
|
| Θέματα: | |
| Ετικέτες: |
Προσθήκη ετικέτας
Δεν υπάρχουν, Καταχωρήστε ετικέτα πρώτοι!
|
MARC
| LEADER | 00000cam a2200000 i 4500 | ||
|---|---|---|---|
| 001 | 1/57927 | ||
| 008 | 951204s1990 gw ||| | eng|| | ||
| 020 | |a 3540519947 | ||
| 020 | |a 0387519947 | ||
| 035 | |a 1995 |c ΚΩΤΣΑΚΗΣ |l 10045821 | ||
| 040 | |a GR-MyUA |b gre |e AACR2 | ||
| 041 | 0 | |a eng | |
| 082 | 0 | |a 515.353 | |
| 245 | 1 | 0 | |a Inverse Methods in Action : |b proceedings of the Multicentennials Meeting on Inverse Problems, Montpellier, November 27th-December 1st, 1989 / |c P.C. Sabatier (Ed.). |
| 260 | |a Berlin ; |a New York : |b Springer-Verlag, |c c1990. | ||
| 300 | |a xiv, 636 σ. : |b εικ. ; |c 25 εκ. m. | ||
| 490 | 1 | |a (Inverse problems and theoretical imaging) | |
| 504 | |a Περιέχει βιβλιογραφικές αναφορές και ευρετήριο. | ||
| 650 | 0 | 0 | |a Inverse problems (Differential equations) |x Congresses. |
| 650 | 0 | 0 | |a Mathematical physics |x Congresses. |
| 650 | 0 | 0 | |a Nonlinear theories |x Congresses. |
| 650 | 0 | 0 | |a Imaging systems |x Congresses. |
| 700 | 1 | |a Sabatier, Pierre Celestin, |d 1935- |e edt | |
| 830 | 0 | |a Inverse problems and theoretical imaging | |
| 852 | |a INST |b SAMOS |e 19951204 |h 515.353 INV |p 005300005021 |q 005300005021 |t BK |y 0 | ||
| 909 | |a Σ |b 040690 | ||